1176 1766 1528 1413 1036 1229 1191 1884 1828 1418 1436 1641 1153 1657 1954 1122 1071 1011 1436 1935 1102 1679 1127 1488 1801 1539 1761 1304 1968 1454 1101 1052 1464 1773 1487 1373 1872 1883 1614 1953 1277 1651 1671 1952 1917 1560 1983 1190 1675 1347 1670 1751 1772 1539 1003 1801 1985 1318 1407 1293 1676 1341 1465 1106 1494 1302 1174 1705 1686 1331 1737 1970 1583 1375 1558 1313 1522 1893 1185 1127 1453 1843 1482 1572 1792 1857 1035 1248 1114 1610 1292 1906 1578 1801 1797 1442 1358 1876 1833 BCNSPRNW ULIB Ver.6.0+V

เปลี่ยนเป็นภาษาไทย

Change to English
 แสดงรายละเอียดบรรณานุกรม
  กลับหน้าหลัก

Brief Record : Get Marc (ISO 2709) : E-mail record : QR code < ปิดหน้าต่าง
LEADER : 00000nam 2200000uu 4500
001    13399111990
003     ULIB
008    110714s2554||||th 000 0 tha d
020    6165020671
090    นว.^bจ484ง 2554
100 0   จินตลีลา
245 00 เงารักหัวใจริษยา/^cจินตลีลา
250    พิมพ์ครั้งที่ 1
260    กรุงเทพฯ :^bSugar Beat,^c2554
300     419 หน้า
945    ^p260^l0^i030322
995     เกษร
999     ^aใช้งานได้ทุกระบบ
รายการนี้ยังไม่มีแท็ก
คุณยังไม่ได้ล็อกอิน คุณสามารถมีกิจกรรมร่วมกับเว็บไซต์ได้ แต่ต้องล็อกอินก่อน ::
  ล็อกอิน

รายการสื่อสารสนเทศ

ลำดับที่ ประเภท เลขเรียก/บาร์โค้ด สถานที่ สถานะ
1. วิทยาศาสตร์การแพทย์ และสุขภาพ
วิทยาศาสตร์การแพทย์ และสุขภาพ
นว. จ484ง 2554  
  Barcode: 030322
ห้องสมุดวิทยาเขตสวรรค์ประชารักษ์
►นวนิยาย
บนชั้น
  ขอยืม

BibComment


ยังไม่เคยถูกคอมเมนท์

คอมเมนท์ทรัพยากรรายการนี้
  คอมเมนท์: เงารักหัวใจริษยา ..


 Copyright 2026. Bcnsprnw @Library